| Tag |
First Indicator |
Second Indicator |
Subfields |
| LEADER |
00000cam a2200000 a 4500 |
| 001 |
in00000000088 |
| 005 |
20150930090012.0 |
| 008 |
980820s1998 coub b f000 0 eng d |
| 010 |
|
|
|a 98188023
|
| 035 |
|
|
|a (OCoLC)ocm39729479
|
| 035 |
|
|
|9 AHS7319AM
|
| 035 |
|
|
|a (OCoLC)39729479
|
| 040 |
|
|
|a DGPO
|b eng
|c GPO
|d DLC
|d BTCTA
|d SPI
|d AGL
|d UtOrBLW
|
| 042 |
|
|
|a lccopycat
|
| 043 |
|
|
|a n-us-az
|
| 049 |
|
|
|a TXAM
|
| 050 |
0 |
0 |
|a Z5991
|b .B25 1998
|a SD373
|
| 070 |
0 |
|
|a aSD144.A14 Db G46 no. 13
|
| 074 |
|
|
|a 0083-B-06
|
| 082 |
0 |
0 |
|a 016.33375/09791/57
|2 21
|
| 086 |
0 |
|
|a A 13.88:RMRS-GTR-13
|
| 100 |
1 |
|
|a Baker, Malchus B.
|
| 245 |
1 |
0 |
|a Multiple resource evaluations on the Beaver Creek Watershed :
|b an annotated bibliography (1956-1996) /
|c Malchus B. Baker, Jr. and Peter F. Ffolliot.
|
| 264 |
|
1 |
|a Fort Collins, Colo. :
|b U.S. Dept. of Agriculture, Forest Service, Rocky Mountain Research Station,
|c [1998]
|
| 300 |
|
|
|a 69 pages :
|b map ;
|c 28 cm.
|
| 336 |
|
|
|a text
|b txt
|2 rdacontent
|
| 337 |
|
|
|a unmediated
|b n
|2 rdamedia
|
| 338 |
|
|
|a volume
|b nc
|2 rdacarrier
|
| 490 |
1 |
|
|a General technical report RMRS ;
|v GTR-13
|
| 500 |
|
|
|a Cover title.
|
| 500 |
|
|
|a Shipping List Date: 08/12/98
|
| 504 |
|
|
|a Includes bibliographical references (pages 5-6).
|
| 500 |
|
|
|a Shipping list number: 98-0331-P.
|
| 650 |
|
0 |
|a Forest management
|z Arizona
|z Beaver Creek Watershed (Yavapai County)
|v Bibliography.
|
| 650 |
|
0 |
|a Watershed management
|z Arizona
|z Beaver Creek Watershed (Yavapai County)
|v Bibliography.
|
| 650 |
|
0 |
|a Forest hydrology
|z Arizona
|z Beaver Creek Watershed (Yavapai County)
|v Bibliography.
|
| 700 |
1 |
|
|a Ffolliott, Peter F.
|
| 710 |
2 |
|
|a Rocky Mountain Research Station (Fort Collins, Colo.)
|
| 776 |
0 |
8 |
|i Online version:
|a Baker, Malchus B.
|t Multiple resource evaluations on the Beaver Creek Watershed.
|d Fort Collins, Colo. : U.S. Dept. of Agriculture, Forest Service, Rocky Mountain Research Station, [1998]
|w (OCoLC)784282815
|
| 830 |
|
0 |
|a General technical report RMRS ;
|v GTR-13.
|
| 994 |
|
|
|a C0
|b TXA
|
| 948 |
|
|
|a cataloged
|b h
|c 2012/12/17
|e zprado
|f 01:34:15 pm
|
| 999 |
|
|
|a MARS
|
| 999 |
f |
f |
|s ceb94eb6-10f6-3710-9597-6461f849a27e
|i 6fe06f00-4089-30bd-a775-6d5b4a47f14e
|t 0
|
| 952 |
f |
f |
|p normal
|a Texas A&M University
|b College Station
|c Sterling C. Evans Library
|d Evans: US Documents (Annex 5th floor)
|t 0
|e A 13.88:RMRS-GTR-13
|h Superintendent of Documents classification
|i unmediated -- volume
|m A14822757442
|
| 998 |
f |
f |
|a A 13.88:RMRS-GTR-13
|t 0
|l Evans: US Documents (Annex 5th floor)
|